KOHA-Header-6

Investments (Record no. 9476)

000 -LEADER
fixed length control field 00248nam a2200109Ia 4500
100 ## - MAIN ENTRY--AUTHOR NAME
Personal name Lewis Mandell
245 #0 - TITLE STATEMENT
Title Investments
260 ## - PUBLICATION, DISTRIBUTION, ETC. (IMPRINT)
Place of publication New Jersey
Name of publisher Maxwell
Year of publication 1993
300 ## - PHYSICAL DESCRIPTION
Number of Pages 623
942 ## - ADDED ENTRY ELEMENTS (KOHA)
Koha item type Books
Holdings
Withdrawn status Lost status Collection code Permanent Location Current Location Shelving location Date acquired Full call number Accession Number Koha item type
    Banking MAJU MAJU Shelf No.A45 2019-09-14 658.15 5249 Banking

Powered by Koha